000 00551cam a22002291 4500
001 sa 63004167
003 DLC
005 20260227111947.0
008 890227s1962 xx 000 0 urd
010 _asa 63004167
035 _a(OCoLC)23537189
040 _aDLC
_cMiU
_dDLC
042 _apremarc
050 0 0 _aPK2200.H342
_bP48
100 1 _aHamid, Abdul,
_d1928-2011.
245 1 0 _aPhūi kī vāpasī.
260 _c[1962?]
300 _a111 p.
_c16 cm.
500 _aIn Urdu.
500 _aA novel.
500 _aText partially vocalized.
999 _c55501
_d55501